000 01295nam a2200301Ia 4500
001 mysteryatmocking00pasc
003 CaSfIA
005 20210118191750.0
007 cr||||
008 830921s1983 nyua j 000 1 eng d
040 _aJBL
_cJBL
_dBTCTA
_dUW1
_dCaSfIA
020 _a0590328123 :
_c$1.95
020 _a9780590328128
035 _a(OCoLC)9930701
082 0 4 _a813.54
_219
100 1 _aPascal, Laurie.
245 1 0 _aMystery at Mockingbird Manor /
_h[electronic resource]
_cby Laurie Pascal and Jamie Pascal ; illustrated by David Prebenna.
260 _aNew York :
_bScholastic,
_cc1983.
300 _a57 p. :
_bill. ;
_c20 cm.
490 0 _aPick-a-path
700 1 _aPascal, Jamie.
856 4 1 _uhttp://www.archive.org/details/mysteryatmocking00pasc
_zFree eBook from the Internet Archive
856 4 2 _uhttp://www.openlibrary.org/books/OL7886053M
_zAdditional information and access via Open Library
029 1 _aNZ1
_b4955158
942 _cEB
506 _fНеобхідна авторизація на https://archive.org/ (створення облікового запису безкоштовно)
506 _fНеобхідна авторизація на https://openlibrary.org/ (створення облікового запису безкоштовно)
999 _c528664
_d528664